000
00292nam a22001337a 4500
008
190305b xxu||||| |||| 00| 0 eng d
020
_a
2900321542303
041
_a
eng
080
_2
4th
_a
510
100
_a
36
101
_a
MAT
245
_a
College Algebra
_c
Rockswold, G
942
_2
udc
_c
BK
999
_c
54533
_d
54533